000 00331nam a22001457a 4500
008 221025b ||||| |||| 00| 0 eng d
020 _a978032305691985193023
041 _aeng
080 _2SEVENTH EDITION
_a610.73
082 _a610.73
100 _a7
101 _aINF
245 _aBASIC NURSING
_cPOTTER P
942 _2udc
_cBK
999 _c58676
_d58676